000
00300nam a22001337a 4500
008
181106b xxu||||| |||| 00| 0 eng d
020
_a
9781557982650
041
_a
eng
080
_a
159.9
100
_a
49
101
_a
PSI
245
_a
Theories Behavior Therapy
_c
William.O D
942
_2
udc
_c
BK
999
_c
51962
_d
51962